Analyser les textes de communication

Na minha lista:
Detalhes bibliográficos
Autor principal: Maingueneau, Dominique (autor)
Formato: Livro
Idioma:francês
Publicado em: París Armand Colin 2005
Colecção:Lettres Sup
Assuntos:
Tags: Adicionar Tag
Sem tags, seja o primeiro a adicionar uma tag!

MARC

LEADER 00000nam a2200000 a 4500
001 UCK7969
003 CL-VaPUC
005 20231128114020.0
008 060105e20050000FR |||||||||||||||||fre|d
999 |c 315807  |d 315805 
020 |a 2200343051 
040 |c Pontificia Universidad Católica de Valparaíso 
082 0 4 |a 401.41  |b MAI  |2 21 
100 |a Maingueneau, Dominique  |e autor  |9 412 
245 1 0 |a Analyser les textes de communication 
260 |a París  |b Armand Colin  |c 2005 
300 |a 211 p 
490 0 |a Lettres Sup 
583 |a last modification  |c 20060105 00:00:00  |k Rodrigo Vera 
650 0 |a Análisis del discurso  |9 256696 
650 0 |a Argumentación   |9 257103 
650 0 |a Filosofía del lenguaje  |9 257082 
852 |a BIBCUR 
942 |c BK  |2 ddc 
945 |d 20060105 00:00:00  |a cmena 
952 |0 0  |1 0  |4 0  |6 401_410000000000000_MAI_2005  |7 0  |8 A  |9 389580  |a FDOPOS  |b FDOPOS  |d 2019-11-22  |i 4200004  |o 401.41 MAI 2005  |p 4200004  |r 2025-01-22  |w 2019-11-22  |y BK  |k MLA